La política

Uloženo v:
Podrobná bibliografie
Hlavní autor: Aristóteles, 384 a.C.- 322 a.C (Autor)
Médium: Kniha
Jazyk:španělština
Vydáno: Barcelona Iberia 1959
Edice:Obras Maestras
Témata:
Tagy: Přidat tag
Žádné tagy, Buďte první, kdo vytvoří štítek k tomuto záznamu!

MARC

LEADER 00000nam a2200000 a 4500
001 UCO4509
003 CL-VaPUC
008 000804e19590000SP |||||||||||||||||spa|d
082 0 4 |a 185  |b ARI  |2 21 
100 |a Aristóteles,  |d 384 a.C.- 322 a.C.  |e author  |9 194 
245 1 3 |a La política 
300 |a 306 p 
942 |c BK 
945 |d 20000804 00:00:00  |a crobeson 
260 |a Barcelona  |b Iberia  |c 1959 
650 0 |a Filosofía   |9 223554 
650 0 |a Filosofía antigua   |9 255705 
650 0 |a Política  |9 255312 
650 7 |a HOMBRE  |2 CL-VaPUC  |9 262149 
650 0 |a Economía   |9 255568 
651 0 |a Grecia  |9 265314 
583 |a last modification  |c 20000804 00:00:00  |k Rodrigo Vera 
490 0 |a Obras Maestras 
999 |c 290543  |d 290541 
952 |0 0  |1 0  |4 0  |6 185_000000000000000_ARI_1959  |7 0  |8 A  |9 340047  |a BIBART  |b BIBART  |d 2019-11-20  |i 1213628  |o 185 ARI 1959  |p 1213628  |r 2025-03-13  |w 2019-11-20  |y BK  |k ART